000 00337nam a22001337a 4500
008 170608b xxu||||| |||| 00| 0 eng d
020 _a9780801481529
041 _aeng
080 _a32
100 _a18
101 _aSHP
245 _aIDEAS & BELIEFS, INSTITUTIONS, FOREIGN AND POLITICAL CHANGE POLICY
_cGOLDSTEIN, J
942 _2udc
_cBK
999 _c16517
_d16517